Banner

Aplicación de las NIIF para PYMES en Colombia / (Record no. 1450)

MARC details
000 -LEADER
campo de control de longitud fija 00965nam a22002537a 4500
003 - IDENTIFICADOR DE NÚMERO DE CONTROL
campo de control CoMeUDC
005 - FECHA Y HORA DE LA ÚLTIMA TRANSACCIÓN
campo de control 20211014171926.0
008 - DATOS DE LONGITUD FIJA--INFORMACIÓN GENERAL
campo de control de longitud fija 211014b ||||| |||| 00| 0 eng d
020 ## - NÚMERO INTERNACIONAL ESTÁNDAR DEL LIBRO
Número Internacional Estándar del Libro 9789585733756
040 ## - FUENTE DE CATALOGACIÓN
Centro/agencia transcriptor CO-UdeC
082 ## - NÚMERO DE LA CLASIFICACIÓN DECIMAL DEWEY
Número de clasificación 657.32
Número de ítem C397ap
110 ## - ENTRADA PRINCIPAL--NOMBRE DE ENTIDAD CORPORATIVA
9 (RLIN) 1593
Nombre de entidad corporativa o nombre de jurisdicción como elemento de entrada Centro de Estudios Tributarios de Antioquia
245 ## - MENCIÓN DEL TÍTULO
Título Aplicación de las NIIF para PYMES en Colombia /
Mención de responsabilidad, etc. Centro de Estudios Tributarios de Antioquia.
250 ## - MENCION DE EDICION
Mención de edición Edición 2015.
260 ## - PUBLICACIÓN, DISTRIBUCIÓN, ETC.
Lugar de publicación, distribución, etc. Medellín :
Nombre del editor, distribuidor, etc. Centro de Estudios Tributarios de Antioquia,
Fecha de publicación, distribución, etc. 2015.
300 ## - DESCRIPCIÓN FÍSICA
Extensión 399 p. :
Dimensiones 23 cm.
500 ## - NOTA GENERAL
Nota general Decreto 3022 de 2013 y modificaciones del AISB de 2015 a las NIIF para PYMES. Índices temáticos de normatividad y taller aplicación posterior a la adopción por primera vez.
504 ## - NOTA DE BIBLIOGRAFÍA, ETC.
Nota de bibliografía, etc. Nota Incluye índice temático.
505 ## - NOTA DE CONTENIDO CON FORMATO
Nota de contenido con formato
650 #0 - PUNTO DE ACCESO ADICIONAL DE MATERIA--TÉRMINO DE MATERIA
9 (RLIN) 1467
Término de materia o nombre geográfico como elemento de entrada Contabilidad
650 #0 - PUNTO DE ACCESO ADICIONAL DE MATERIA--TÉRMINO DE MATERIA
9 (RLIN) 314
Término de materia o nombre geográfico como elemento de entrada NIIF
Subdivisión general Normas
650 #0 - PUNTO DE ACCESO ADICIONAL DE MATERIA--TÉRMINO DE MATERIA
9 (RLIN) 72
Término de materia o nombre geográfico como elemento de entrada Pequeña y mediana empresa
942 ## - ELEMENTOS DE ENTRADA SECUNDARIOS (KOHA)
Fuente del sistema de clasificación o colocación Clasificación Decimal Dewey
Tipo de ítem Koha Libros
Holdings
Estatus retirado Estado de pérdida Fuente del sistema de clasificación o colocación Estado de daño No para préstamo Colección Biblioteca de origen Biblioteca actual Fecha de adquisición Fuente de adquisición Total de préstamos Signatura topográfica completa Código de barras Visto por última vez Fecha del último préstamo Copia número Precio de reemplazo Tipo de ítem Koha
    Clasificación Decimal Dewey     Colección general U DE COLOMBIA - Biblioteca U DE COLOMBIA - Biblioteca 14/10/2021 Donación 2 657.32 C397ap 003183 13/10/2022 17/09/2022 1 14/10/2021 Libros


Biblioteca Académica Corporación Universitaria U DE COLOMBIA | Teléfono: +(57) (4) 2398080 ext. 1112 | E-mail: biblioteca@udecolombia.edu.co | Dirección: Calle 56 Nº 41 – 147 (Bolivia con Girardot)
Horario de atención: lunes a viernes 8:00 a.m. a 8:00 p.m. - sábados 8:00 a.m. a 4:00 p.m.
Implementado por Grupo EGS.

Powered by Koha